| 000 | 00375nam a22001577a 4500 | ||
|---|---|---|---|
| 003 | CEME | ||
| 005 | 20210628202705.0 | ||
| 008 | 210115b xxu||||| |||| 00| 0 eng d | ||
| 040 | _cceme | ||
| 082 | _a925.3 SCI | ||
| 100 |
_aAnwar Dil _9360 |
||
| 245 | _aSciences for paece and progress | ||
| 260 |
_bINTERCULTURAL FOU _c2008 |
||
| 650 |
_aFAIZA _961097 |
||
| 942 |
_cBK _2ddc |
||
| 999 |
_c570653 _d570653 |
||